| 000 | 01154nam a22002657a 4500 | ||
|---|---|---|---|
| 003 | KOHA_MİRAKIL | ||
| 005 | 20260420094814.0 | ||
| 008 | 260416b tu ||||| |||| 00| 0 tur d | ||
| 020 | _a9786057234827 | ||
| 040 |
_aTR-AnABB _btur _cTR-AnABB |
||
| 041 | _atur | ||
| 082 |
_a352.947 _bCAM 2023 |
||
| 100 | 1 | _aÇam, Fatih | |
| 245 | 1 | 0 |
_aKentlerde kültür sanat yönetimi : _byerel yönetimler araştırması / _cFatih Çam |
| 246 | _aYerel yönetimler araştırması | ||
| 260 |
_aAnkara : _bİdealkent Yayınları, _c2023 |
||
| 300 |
_a368 sayfa ; _c20 cm |
||
| 490 | 0 |
_aİdealkent yayınları ; _v55 |
|
| 490 | 0 |
_aMekan, Kültür ve bellek çalışmaları dizisi ; _v1 |
|
| 505 | _aİçindekiler: Kültür ve Sanatın mekanı kent - Türkiye'de belediyeler kültür-sanat - Kültür sanatın kurumsallaşması: belediyeler dışındaki kültür sanat kurum ve kuruluşları - Türkiye'de belediyeler ve kültür-sanat ilişkilerinin analizine yönelik bir araştırma | ||
| 650 | 0 | 4 | _aYerel yönetimler, Sanat ve kültür yönetimi |
| 650 | 0 | 4 | _aYerel yönetimler |
| 900 | _bCan ÇELIK | ||
| 942 |
_2ddc _cBK |
||
| 999 |
_c10276 _d10276 |
||